000 00532nam a2200181Ia 4500
008 230711s9999||||xx |||||||||||||| ||und||
020 _a978-81-239-2655-1
041 _aENG
082 _a543.0894
_bSE-H
100 _aSethi.P.D
245 0 _aSethi's HPLC : high performance liquid chromatography : quantitative analysis of pharmaceutical formulations
250 _a1st Ed.
260 _c2015
_aNew Delhi
_bCBS Publishers & Distributors Pvt.Ltd
300 _a528p.
650 _aChemistry
700 _aSethi.Rajat
942 _cBK
999 _c7164
_d7164